Normal view MARC view

Entry Topical Term

Number of records used in: 2

001 - CONTROL NUMBER

  • control field: 8103

003 - CONTROL NUMBER IDENTIFIER

  • control field: OSt

005 - DATE AND TIME OF LATEST TRANSACTION

  • control field: 20160419164759.0

008 - FIXED-LENGTH DATA ELEMENTS

  • fixed length control field: 160419|| aca||aabn | a|a d

040 ## - CATALOGING SOURCE

  • Original cataloging agency: OSt
  • Transcribing agency: OSt

150 ## - HEADING--TOPICAL TERM

  • Topical term or geographic name entry element: Electronics
  • General subdivision: Materials.

670 ## - SOURCE DATA FOUND

  • Source citation: Work cat.: (OSt)3639: Singh, Jasprit. 8101, Smart electronic materials :, 2005.